Statistics for Countries In Europe From Richest To Poorest

Click here to take the quiz!

General Stats

  • This quiz has been taken 125 times
  • The average score is 37 of 44

Answer Stats

$#Country% Correct
$169,050LLiechtenstein
96%
$135,680LLuxembourg
96%
$173,680MMonaco
96%
$65,710DDenmark
94%
$102,220IIreland
92%
$92,640NNorway
92%
$93,470SSwitzerland
92%
$73,980IIceland
91%
$50,190BBelgium
88%
$42,430UUnited Kingdom
88%
$52,060AAustria
87%
$45,330FFrance
87%
$50,820FFinland
86%
$48,400GGermany
86%
$56,360SSweden
86%
$28,090CCzech Republic
85%
$24,910LLithuania
85%
$24,260PPortugal
85%
$29,350EEstonia
84%
$18,990HHungary
84%
$21,480LLatvia
84%
$58,060NNetherlands
84%
$29,120SSpain
84%
$43,520AAndorra
83%
$17,310CCroatia
82%
$17,840PPoland
82%
$15,620RRomania
81%
$47,770SSan Marino
81%
$3,560UUkraine
81%
$12,510BBulgaria
80%
$33,740MMalta
80%
$6,820BBosnia and Herzegovina
78%
$9,850MMontenegro
78%
$14,660RRussia
78%
$9,220SSerbia
78%
$29,470SSlovenia
78%
$19,280GGreece
77%
$32,920IItaly
77%
$6,130AAlbania
76%
$20,560SSlovakia
76%
$8,560BBelarus
73%
$5,310MMoldova
73%
$6,170NNorth Macedonia
73%
$4,380KKosovo
72%

Score Distribution

Percentile by Number Answered

Percent of People with Each Score

Your Score History

You have not taken this quiz